Score 0/16 Timer 03:00
0 Plays Today
Author Missing Word % Correct
Edgar _____ PoeAllan
99.4%
Ralph _____ EmersonWaldo
80.4%
Charlotte ______Brontë
74.6%
_____ David ThoreauHenry
72.8%
Nathaniel _________Hawthorne
72.1%
_______ WordsworthWilliam
64.4%
Lord _____Byron
56.8%
Washington ______Irving
53.6%
Author Missing Word % Correct
Herman ________Melville
51.8%
____ KeatsJohn
48.3%
Percy _______Shelley
41.7%
Samuel Taylor ________Coleridge
40.7%
______ BurnsRobert
36.4%
_______ LambCharles
21.6%
Heinrich _____Heine
7.6%
___ YearsleyAnn
5.2%

Today's Daily Dose

Remove Ads.
Support Sporcle.
Get the best of Sporcle when you Go Orange. This ad-free experience offers more features, more stats, and more fun while also helping to support Sporcle. Thank you for becoming a member.

You're not logged in!

Compare scores with friends on all Sporcle quizzes.
OR
Log In

Show Comments

Extras

Top Quizzes Today


Score Distribution

Your Account Isn't Verified!

In order to create a playlist on Sporcle, you need to verify the email address you used during registration. Go to your Sporcle Settings to finish the process.

Report this User

Report this user for behavior that violates our Community Guidelines.

Details: